Etretat - Choix multiples - Statistiques

Statistiques générales
  • Ce quiz a été pris 18 fois
  • Le résultat moyen est 7 sur 10
Statistiques - réponses
Question Réponse % Correct
Quel célèbre personnage de fiction a son repaire à Etretat ? Arsène Lupin
94%
Quelle roche donne aux falaises d'Etretat leur couleur blanche emblématique ? La craie
88%
De quoi la plage d'Etretat est-elle composée ?
81%
Quelle est la particularité des halles d'Etretat ? Elles furent construites en bois.
75%
Quel célèbre écrivain réaliste passa son enfance à Etretat et y sauva le poète anglais Algernon Swinburne de la noyade en 1868, lui inspirant la nouvelle La Main d'écorché ? Guy de Maupassant
69%
Quel Président français vécut à Etretat avec sa femme Germaine de 1959 à 1962, cette dernière donnant son nom à la maison de retraite de la commune ? René Coty
69%
De quelle région naturelle Etretat est-elle la principale attraction touristique, utilisant son nom pour sa ligne de train touristique ? Le Pays de Caux
63%
Lequel de ces bâtiments est le Manoir de la Salamandre, emblématique du centre d'Etretat ?
44%
Où retrouva-t-on le corps sans vie de la poétesse Françoise Quintin-Ryszowska au matin du 20 janvier 1967 ? Au pied de la falaise dite d'Amont
44%
Quel projet d'aménagement d'Etretat, récurrent du règne de François Ier à celui de Napoléon Ier, ne vit finalement jamais le jour ? Faire de la commune un port militaire
38%
Aucun quiz correspondant
Distribution des résultats
% des personnes avec chaque résultat
Percentile par nombre de réponses
Votre historique - résultats
Vous n’avez pas pris ce quiz